New Girl Characters Quiz Stats

 Plays Quiz Updated Jan 11, 2015

Also try: Glee Characters
Challenge
Share
Tweet
Embed
Score 0/11 Timer 03:00
7 Plays Today
Actor/Actress Character % Correct
Zooey DeschanelJessica Day
98.6%
Jake JohnsonNick Miller
90.7%
Max GreenfieldSchmidt
89.2%
Hannah SimoneCece Meyers
86.8%
Lamorne MorrisWinston Bishop
84.8%
David WaltonSam Sweeney
25.9%
Mary Elizabeth EllisCaroline
19.8%
Dermot MulroneyRussel
18%
Nelson FranklinRobby
13.9%
Kali HawkShelby
11.2%
Satya BhabhaShivrang
10.4%

You're not logged in!

Compare scores with friends on all Sporcle quizzes.
OR
Log In

You Might Also Like...

Show Comments

Extras

Top Quizzes Today


Score Distribution

Your Account Isn't Verified!

In order to create a playlist on Sporcle, you need to verify the email address you used during registration. Go to your Sporcle Settings to finish the process.

Report this User

Report this user for behavior that violates our Community Guidelines.

Details: